000 00382pab a2200157 454500
008 180718b2014 xxu||||| |||| 00| 0 eng d
100 _aMedina, Kathryn
245 _aProject and program management come into their own
260 _c2014
300 _ap.25-26.
362 _aFall
650 _aProject management
773 _aPublic Manager
908 _aN
909 _a106548
999 _c106543
_d106543